000 01032nam a2200241 4500
001 131671
003 ES-MaACL
005 20230906194026.0
007 t|
008 070214s1911 sp r ||||1| spa d
100 1 _aRodríguez Carracido, José,
_d1856-1928
_998407
245 1 3 _aEl problema de la investigación científica en España :
_bdiscurso inaugural /
_cpor el Excmo. Sr. D. José R. Carracido.
260 _aMadrid :
_b[s.n.,
_c1911?] (
_fImp. de Eduardo Arias)
300 _a19 p. ;
_c23 cm.
530 _aDisponible en formato digital.
594 _aPrecede al tít.: Asociación Española para el Progreso de las Ciencias. Congreso de Granada.
594 _aTít. tomado de cub.
650 4 _aInvestigación-
_zEspaña.
_913893
710 2 _aAsociación Española para el Progreso de las Ciencias.
_bCongreso (
_n3º.
_d1911.
_cGranada)
_91698
852 _aES-MaACL
_jT-1437-F-5
856 _uhttp://bdh-rd.bne.es/viewer.vm?id=0000090029&page=1
_zBiblioteca Digital Hispánica
999 _c131671
_d131671